Statistics for Columbus Blue Jackets Roster

Click here to take the quiz!

General Stats

  • This quiz has been taken 53 times
    (18 since last reset)
  • The average score is 12 of 26

Answer Stats

Hint Answer % Correct
72Bobrovsky
87%
3Jones
87%
77Anderson
80%
13Atkinson
80%
71Foligno
73%
17Dubinsky
67%
18Dubois
67%
9Panarin
60%
38Jenner
60%
8Werenski
53%
58Savard
53%
10Wennberg
53%
70Korpisalo
47%
27Murray
40%
65Nutivaara
40%
22Milano
40%
7Johnson
40%
11Calvert
40%
28Bjorkstrand
33%
4Harrington
33%
46Kukan
27%
45Sedlak
27%
37Hannikainen
20%
55Letestu
20%
26Vanek
7%
26Cole
0%

Score Distribution

Percentile by Number Answered

Percent of People with Each Score

Your Score History

You have not taken this quiz since the last reset